000 00344nam a2200133Ia 4500
008 240624s9999 xx 000 0 und d
041 _aeng
082 _a330.12 KAY
100 _aKAY JOHN
245 _aCULTURE AND PROSPERITY WHY SOME NATIONS
260 _c2005
_aNew York
_bHarperBusiness
300 _aviii, : 420 : p. : cm. ; 20
365 _c
999 _c28826
_d28826